000 00724nam a22002417a 4500
003 OSt
005 20220107122824.0
008 170407b xxu||||| |||| 00| 0 eng d
020 _a9780262527484
040 _cIIITMK
082 _a004 COP/C
100 _aCopeland, B. Jack (Eds.)
_911520
245 _aComputability:
_bTuring, Godel, Chruch and beyond
_cB. Jack Copeland, Carl J. Posy and Oron Shagrir
260 _aCambridge,
_bThe MIT Press,
_c2013.
300 _ax, 362p.
650 _aCOMPUTER SCIENCE
_911521
650 _aPHILOSOPHY
_911522
650 _aRECURSIVE FUNCTIONS
_911523
650 _aCOMPUTABILITY
_911524
700 _aPosy, Carl J.
_911525
700 _aShagrir, Oron
_911526
942 _2ddc
_cBK
999 _c5567
_d5567